| 000 | 00508nam a2200145 i 4500 | ||
|---|---|---|---|
| 001 | 181275 | ||
| 003 | ES-MaACL | ||
| 005 | 20230906221322.0 | ||
| 008 | 121129d18501899sp |||| | spa d | ||
| 100 | 1 |
_aGladstone, Willian Ewart. _9127343 |
|
| 245 | 1 | 0 |
_aLos decretos del Vaticano en relación con los deberes civiles / _cpor W. E. Gladstone. |
| 260 |
_aMadrid : [s.n., 18-?] ( _fSe halla en la administración de " La bandera de la reforma ") |
||
| 300 |
_a47 p. ; _c21 cm. |
||
| 852 |
_aES-MaACL _jT-425-F-16 |
||
| 999 |
_c181275 _d181275 |
||